Accountancy (Record no. 5339)

MARC details
000 -LEADER
fixed length control field 00562cam a2200229ua 4500
008 - FIXED-LENGTH DATA ELEMENTS--GENERAL INFORMATION
fixed length control field 131120n ii |||gr||||Z||||||eng
020 ## - INTERNATIONAL STANDARD BOOK NUMBER
International Standard Book Number 81-85921-11-3
040 ## - CATALOGING SOURCE
Transcribing agency MAIN
082 ## - DEWEY DECIMAL CLASSIFICATION NUMBER
Classification number 657
245 ## - TITLE STATEMENT
Title Accountancy
Statement of responsibility, etc. By K.R. Das
250 ## - EDITION STATEMENT
Edition statement 1st ed.
260 ## - PUBLICATION, DISTRIBUTION, ETC.
Place of publication, distribution, etc. Guwahati:
Name of publisher, distributor, etc. LBS Publications.,
Date of publication, distribution, etc. 2006.
300 ## - PHYSICAL DESCRIPTION
Extent x,AP.7p.
700 ## - ADDED ENTRY--PERSONAL NAME
Personal name Das,K.R.,
Relator term
700 1# - ADDED ENTRY--PERSONAL NAME
Personal name Sinha,K.M.,
Relator term
700 1# - ADDED ENTRY--PERSONAL NAME
Personal name Paulchoudhury,K.S.,
Relator term
700 1# - ADDED ENTRY--PERSONAL NAME
Personal name Banik,G.G.,
Relator term
942 ## - ADDED ENTRY ELEMENTS (KOHA)
Koha item type Books
653 ## - INDEX TERM--UNCONTROLLED
Uncontrolled term Commerce
653 ## - INDEX TERM--UNCONTROLLED
Uncontrolled term Accountancy
Holdings
Withdrawn status Lost status Damaged status Not for loan Home library Current library Shelving location Date acquired Total Checkouts Full call number Barcode Date last seen Date last checked out Copy number Price effective from Koha item type
        Naharkatiya College Library Naharkatiya College Library General Stacks 19/09/2020 9 657 | DAS 16569 26/08/2025 19/08/2025 1 19/09/2020 Books

Naharkatiya College © 2020. All rights reserved.

Powered By